Aktuálne výzvy vo vykazovaní podnikateľov v súčasnosti v SR a ČR
V posledných rokoch sa reporting podnikateľov čoraz viac štandardizuje nielen vo finančných informáciách založených predovšetkým na účtovníctve, ale najmä v oblasti nefinančných informácií v širšom kontexte záujmu rôznych zainteresovaných strán. Informácie o aktivitách podnikateľov v oblastiach udrž...
Na minha lista:
| Autor principal: | |
|---|---|
| Outros Autores: | , , , |
| Formato: | Capítulo de Livro |
| Idioma: | eslovaco |
| Assuntos: | |
| Tags: |
Sem tags, seja o primeiro a adicionar uma tag!
|
MARC
| LEADER | 00000naa$a2200000$$$4500 | ||
|---|---|---|---|
| 001 | 0314626 | ||
| 005 | 20260129120405.4 | ||
| 041 | 0 | |a slo | |
| 044 | |a SK | ||
| 245 | 1 | 0 | |a Aktuálne výzvy vo vykazovaní podnikateľov v súčasnosti v SR a ČR |c Renáta Pakšiová, Roman Brauner, Katarína Mrkvová, Dagmar Palátová, Markéta Šebestová |
| 520 | |a V posledných rokoch sa reporting podnikateľov čoraz viac štandardizuje nielen vo finančných informáciách založených predovšetkým na účtovníctve, ale najmä v oblasti nefinančných informácií v širšom kontexte záujmu rôznych zainteresovaných strán. Informácie o aktivitách podnikateľov v oblastiach udržateľnosti a cieľov SDG sa stávajú kľúčovými pri umiestňovaní kapitálu investormi. Ich dostupnosť a transparentnosť podporuje Európska únia prostredníctvom postupného prijímania právnych noriem vo forme nariadení a smerníc. Snaha o štandardizáciu reportingu podnikateľov pôsobiacich v Európskej únii prostredníctvom novo prijatej CSRD a pripravovaných štandardov je veľmi aktuálna. Jej aplikácia prostredníctvom transpozície zodpovedajúcich ustanovení do zákona o účtovníctve v Slovenskej republike a Českej republike prinesie nové požiadavky na reporting v oblasti nefinančných informácií väčšiemu počtu podnikateľov ako doteraz. Cieľom príspevku je na základe porovnávacej analýzy identifikovať základné rozdiely medzi doteraz platnou smernicou NFRD transponovanou do súčasnej legislatívy a novo prijatou CSRD a teoretickou analýzou. | ||
| 610 | 2 | 0 | |a reporting |
| 610 | 2 | 0 | |a udržateľnosť |
| 610 | 2 | 0 | |a podnik |
| 610 | 2 | 0 | |a štandardy medzinárodné |
| 610 | 2 | 0 | |a výkazníctvo finančné |
| 610 | 2 | 0 | |a výkazníctvo účtovné |
| 100 | 1 | |a Pakšiová, Renáta, 1974- | |
| 700 | 1 | |a Brauner, Roman | |
| 700 | 1 | |a Mrkvová, Katarína | |
| 700 | 1 | |a Palátová, Dagmar | |
| 700 | 1 | |a Šebestová, Markéta | |